| 000 | 00599nam a2200181Ia 4500 | ||
|---|---|---|---|
| 008 | 151018s9999 xx 000 0 und d | ||
| 082 |
_bRBASDV36153 _a891.463 |
||
| 100 | _aगुरुनाथ - नाईक | ||
| 245 | _aसत्यमेव जयते | ||
| 250 | _b1 | ||
| 260 |
_bमनोरमा प्रकाशन मुंबई _c2003 |
||
| 300 | _a224 | ||
| 600 | _aगुरुनाथ - नाईक | ||
| 630 | _aसत्यमेव जयते | ||
| 700 | _aगुरुनाथ - नाईक | ||
| 730 | _aसत्यमेव जयते | ||
| 942 | _cBOOK | ||
| 999 |
_c1035618 _d1035615 |
||